Fluid flow handbook / (Record no. 60736)

000 -LEADER
fixed length control field 01451cam a22003374a 4500
001 - CONTROL NUMBER
control field 12842236
003 - CONTROL NUMBER IDENTIFIER
control field NUST-PNEC
005 - DATE AND TIME OF LATEST TRANSACTION
control field 20170116180706.0
008 - FIXED-LENGTH DATA ELEMENTS--GENERAL INFORMATION
fixed length control field 020703s2002 nyua b 001 0 eng
010 ## - LIBRARY OF CONGRESS CONTROL NUMBER
LC control number 2002029365
020 ## - INTERNATIONAL STANDARD BOOK NUMBER
International Standard Book Number 0071363726
040 ## - CATALOGING SOURCE
Original cataloging agency DLC
Transcribing agency PNEC
042 ## - AUTHENTICATION CODE
Authentication code pcc
050 00 - LIBRARY OF CONGRESS CALL NUMBER
Classification number TA357
Item number .F525 2002
082 00 - DEWEY DECIMAL CLASSIFICATION NUMBER
Classification number 620.106 SAL
Edition number 21
100 ## - MAIN ENTRY--PERSONAL NAME
9 (RLIN) 353
Personal name Saleh, Jamal M.
245 00 - TITLE STATEMENT
Title Fluid flow handbook /
Statement of responsibility, etc. Jamal M. Saleh, editor.
260 ## - PUBLICATION, DISTRIBUTION, ETC.
Place of publication, distribution, etc. New York :
Name of publisher, distributor, etc. McGraw-Hill,
Date of publication, distribution, etc. 2002.
300 ## - PHYSICAL DESCRIPTION
Extent 1 v. (various pagings) :
Other physical details ill. ;
Dimensions 24 cm.
440 #0 - SERIES STATEMENT/ADDED ENTRY--TITLE
Title McGraw-Hill handbooks
500 ## - GENERAL NOTE
General note Includes Index http://www.amazon.com/Fluid-Flow-Handbook-Jamal-Saleh/dp/0071363726/ref=sr_1_1?s=books&ie=UTF8&qid=1411551420&sr=1-1&keywords=0071363726
504 ## - BIBLIOGRAPHY, ETC. NOTE
Bibliography, etc. note Includes bibliographical references and index.
650 #0 - SUBJECT ADDED ENTRY--TOPICAL TERM
Topical term or geographic name entry element Fluid dynamic
Form subdivision Handbooks, manuals, etc.
General subdivision ME
700 1# - ADDED ENTRY--PERSONAL NAME
Personal name Saleh, Jamal M.
Fuller form of name (Jamal Mohammed),
Dates associated with a name 1962-
856 42 - ELECTRONIC LOCATION AND ACCESS
Materials specified Contributor biographical information
Uniform Resource Identifier <a href="http://www.loc.gov/catdir/bios/mh041/2002029365.html">http://www.loc.gov/catdir/bios/mh041/2002029365.html</a>
856 42 - ELECTRONIC LOCATION AND ACCESS
Materials specified Publisher description
Uniform Resource Identifier <a href="http://www.loc.gov/catdir/description/mh024/2002029365.html">http://www.loc.gov/catdir/description/mh024/2002029365.html</a>
856 41 - ELECTRONIC LOCATION AND ACCESS
Materials specified Table of contents
Uniform Resource Identifier <a href="http://www.loc.gov/catdir/toc/mh023/2002029365.html">http://www.loc.gov/catdir/toc/mh023/2002029365.html</a>
906 ## - LOCAL DATA ELEMENT F, LDF (RLIN)
a 7
b cbc
c orignew
d 1
e ocip
f 20
g y-gencatlg
942 ## - ADDED ENTRY ELEMENTS (KOHA)
Source of classification or shelving scheme
Koha item type Book
Holdings
Withdrawn status Lost status Source of classification or shelving scheme Damaged status Not for loan Permanent Location Current Location Shelving location Date acquired Source of acquisition Cost, normal purchase price Total Checkouts Full call number Barcode Date last seen Cost, replacement price Price effective from Koha item type
          Pakistan Navy Engineering College (PNEC) Pakistan Navy Engineering College (PNEC) Reference 05/08/2008 Paramount Publishers 9330.00   620.106 SAL PNECLIB-028572 09/24/2014 9330.00 05/08/2008 Book
© 2023 Central Library, National University of Sciences and Technology. All Rights Reserved.